| 000 | 00424nam a2200169Ia 4500 | ||
|---|---|---|---|
| 008 | 230524s9999 xx 000 0 und d | ||
| 082 |
_a510.153 _bJAN |
||
| 100 | _aNanigopal Dutta | ||
| 245 | 0 | _aIntroductory Numerical Analysis | |
| 250 | _a6TH | ||
| 260 |
_aNEW DELHI _bShreedhra _c2001 |
||
| 300 | _aXVI;326 | ||
| 500 | _aQuantity Number: 38 | ||
| 650 | _aMathematics | ||
| 700 | _a Rabindra Nath Jana | ||
| 942 | _cBK | ||
| 999 |
_c15167 _d15167 |
||